[Event "Wch U10 blitz"]
[Site "Minsk"]
[Date "2018.06.24"]
[Round "5"]
[White "Karimov, Shakhrombek"]
[Black "Pingin, Artem"]
[Result "0-1"]
[WhiteElo "1266"]
[BlackElo "1741"]
[PlyCount "118"]
[EventDate "2018.06.24"]
[EventType "swiss (blitz)"]
[EventRounds "9"]
[EventCountry "BLR"]
[SourceTitle "EXT 2019"]
[Source "ChessBase"]
[SourceDate "2018.10.10"]
[SourceVersion "1"]
[SourceVersionDate "2018.10.10"]
[SourceQuality "1"]

1. e4 c5 2. Nf3 e6 3. d4 cxd4 4. Nxd4 Nf6 5. Nc3 d6 6. Bg5 Be7 7. f4 h6 8. Bxf6 Bxf6 9. Qd2 a6 10. 0-0-0 0-0 11. g4 e5 12. Nf5 Bxf5 13. gxf5 exf4 14. Be2 f3 15. Qd5 fxe2 16. Nxe2 Qb6 17. Nd4 Nc6 18. c3 Nxd4 19. cxd4 Qc6+ 20. Qxc6 bxc6 21. Rhe1 Rfe8 22. Kc2 Rab8 23. a3 c5 24. e5 dxe5 25. dxc5 Rec8 26. b4 a5 27. Re4 Kf8 28. Rd5 axb4 29. axb4 Ke7 30. Rd3 Rd8 31. Rde3 Kd7 32. Rc3 Kc6 33. Kb3 Rd4 34. Rxd4 exd4 35. Rd3 Kd5 36. Rd1 Be7 37. Rc1 Bg5 38. Rd1 Be3 39. h4 g6 40. f6 g5 41. hxg5 hxg5 42. Rf1 g4 43. Rf5+ Ke6 44. Rf1 g3 45. Kc4 g2 46. Re1 g1Q 47. Rxg1 Bxg1 48. b5 d3 49. c6 Bb6 50. Kxd3 Kxf6 51. Kc4 Ke6 52. Kb4 f5 53. Kc4 f4 54. Kd3 f3 55. Ke4 f2 56. c7 Bxc7 57. b6 Bxb6 58. Kf4 f1Q+ 59. Ke4 Qf5# 0-1

[Event "Wch U10 blitz"]
[Site "Minsk"]
[Date "2018.06.24"]
[Round "9"]
[White "Saveljev, Ivan"]
[Black "Karimov, Shakhrombek"]
[Result "0-1"]
[WhiteElo "1712"]
[BlackElo "1266"]
[PlyCount "76"]
[EventDate "2018.06.24"]
[EventType "swiss (blitz)"]
[EventRounds "9"]
[EventCountry "BLR"]
[SourceTitle "EXT 2019"]
[Source "ChessBase"]
[SourceDate "2018.10.10"]
[SourceVersion "1"]
[SourceVersionDate "2018.10.10"]
[SourceQuality "1"]

1. e4 c5 2. c3 e6 3. d4 cxd4 4. cxd4 d5 5. e5 Bb4+ 6. Nc3 Ne7 7. Nf3 0-0 8. Bd3 Ng6 9. 0-0 Nc6 10. a3 Be7 11. Qc2 Bd7 12. Be3 Rc8 13. Qe2 Na5 14. Rad1 Nc4 15. Bxc4 Rxc4 16. Nd2 Rc8 17. f4 f5 18. exf6 Bxf6 19. Nf3 Qe7 20. Ne5 Bxe5 21. dxe5 b6 22. g3 Rc4 23. Bd4 Ba4 24. Rd2 Qb7 25. Qg4 Rf5 26. Qe2 Qe7 27. Rb1 Bc2 28. Rc1 Bb3 29. Qd3 Qd7 30. Rf1 b5 31. Rff2 a5 32. Rf1 b4 33. axb4 axb4 34. Nxd5 Qxd5 35. g4 Rxf4 36. Rxf4 Nxf4 37. Qe3 Rxd4 38. Rxd4 Qxd4 0-1